000 00730nam a2200181 a 4500
008 120416s1995 ||||||||||||||||| || u
020 _a0748740708
050 _aQH 442.2 Bro
100 _aBrown, T. A
245 1 0 _aGene cloning: an introduction
250 _a3rd ed.
260 _aChelteuham
_bStanley Thornes
_c1995
350 _a0.00
650 0 _aGENETICS
650 _aHUMAN GENETICS
995 _aMAIN LIBRARY OPEN ACCESS
_D0.00
_e731928
_FCBU-MAIN LIBRARY (Kitwe)
_H1
_I20.95
_jQH 442.2 Bro
_M1
_UAVAILABLE
_y029394
_ZMain Library Open Access Collection
995 _aMAIN LIBRARY OPEN ACCESS
_D0.00
_e735067
_FCBU-MAIN LIBRARY (Kitwe)
_H2
_I20.95
_jQH 442.2 Bro
_M2
_UAVAILABLE
_WApr 24, 2007
_y38230
_ZMain Library Open Access Collection
999 _c75823
_d75823